[Event "23rd European Teams Women"]
[Site "Terme Catez SLO"]
[Date "2021.11.16"]
[Round "5.1"]
[Board "3"]
[White "Shuvalova, Polina"]
[Black "Sedina, Elena"]
[Result "1-0"]
[WhiteTitle "IM"]
[BlackTitle "IM"]
[WhiteElo "2515"]
[BlackElo "2263"]
[WhiteTeam "Russia"]
[BlackTeam "Italy"]
[WhiteFideId "24171760"]
[BlackFideId "812153"]
[EventDate "2021.11.12"]

1. e4 e6 2. d4 d5 3. Nc3 Nf6 4. Bg5 dxe4 5. Nxe4 Nbd7 6. Nf3 h6 7. Nxf6+ Nxf6 8.
Be3 Bd6 9. Bd3 O-O 10. Qe2 b6 11. O-O-O Bb7 12. Ne5 c5 13. Nc4 Nd5 14. Nxd6 Qxd6
15. dxc5 bxc5 16. c4 Nf4 17. Bh7+ Kh8 18. Qg4 Qc6 19. Qxf4 Kxh7 20. f3 Rad8 21.
b3 f6 22. Bf2 e5 23. Qe3 Rd4 24. Qe2 Rd6 25. Rxd6 Qxd6 26. Rd1 Qc7 27. Be3 f5
28. Qf2 Rc8 29. Kb2 Kh8 30. f4 Qe7 31. Re1 Be4 32. Bd2 exf4 33. Qxf4 Rd8 34. Bc3
Qd6 35. Qxd6 Rxd6 36. g4 Rg6 37. gxf5 Rg2+ 38. Ka3 Bxf5 39. h4 Rg3 40. Bb2 Rg6
41. Bc3 Rg3 42. Re8+ Kh7 43. Be5 Rg2 44. Re7 a6 45. Bb2 Rg4 46. Ra7 Bb1 47. Rc7
Be4 48. Rd7 Bc2 49. Bc3 Bb1 50. Bb2 Bc2 51. Rd2 Be4 52. Rh2 Kg6 53. Ka4 Kh5 54.
Be5 g6 55. Bf6 Rf4 56. Be7 Kg4 57. Bxc5 Rf5 58. Be7 g5 59. hxg5 hxg5 60. c5 Kf3
61. Rh5 Kf4 62. Ka5 Bd3 63. Kb6 Rf7 64. Bd6+ Kg4 65. Rh8 Rf6 66. Rd8 Kf3 67. Rf8
Rxf8 68. Bxf8 g4 69. c6 g3 70. c7 g2 71. Bc5 Bf5 72. Kxa6 1-0

[Event "23rd European Teams Women"]
[Site "Terme Catez SLO"]
[Date "2021.11.16"]
[Round "5.2"]
[Board "2"]
[White "Arabidze, Meri"]
[Black "Mkrtchian, Lilit"]
[Result "0-1"]
[WhiteTitle "IM"]
[BlackTitle "IM"]
[WhiteElo "2441"]
[BlackElo "2379"]
[WhiteTeam "Georgia"]
[BlackTeam "Armenia"]
[WhiteFideId "13604040"]
[BlackFideId "13300601"]
[EventDate "2021.11.12"]

1. d4 Nf6 2. c4 e6 3. Nf3 d5 4. g3 Bb4+ 5. Bd2 Be7 6. Bg2 Nbd7 7. Qc2 c6 8. O-O
O-O 9. Rd1 b6 10. b3 a5 11. Bc3 Ne4 12. Bb2 Bb7 13. Nc3 f5 14. e3 Qe8 15. Ne2 g5
16. Ne5 Nxe5 17. dxe5 Rc8 18. Bd4 b5 19. Bb2 Rf7 20. Rac1 Bf8 21. Nd4 b4 22. f3
Nc5 23. Bf1 g4 24. cxd5 cxd5 25. Bb5 Qd8 26. fxg4 fxg4 27. Qe2 Qg5 28. Rf1 Rxf1+
29. Rxf1 Bg7 30. Bc1 Bxe5 31. Qf2 Qg7 32. Bb2 Ne4 33. Qe2 Bxd4 34. exd4 h5 35.
Bd3 Ng5 36. Kg2 e5 37. Qxe5 Qxe5 38. dxe5 d4+ 39. Kf2 Nf3 40. Bc4+ Kf8 41. Rd1
Ba6 42. Bxd4 Bxc4 43. bxc4 Rxc4 44. Bb6 Rc2+ 45. Ke3 Nxe5 46. Ke4 Re2+ 47. Kd5
Nf3 48. Ra1 Kf7 49. Kc4 Re5 50. Bc7 Rf5 51. Kb3 Nxh2 52. Ka4 Nf1 53. Bxa5 Nxg3
54. Kxb4 Ne4 55. a4 g3 56. Bb6 Nd6 57. a5 h4 58. a6 Rb5+ 59. Kc3 Rxb6 60. a7
Nb5+ 61. Kd3 Nxa7 62. Rxa7+ Kg6 63. Ke4 g2 64. Ra1 Rf6 0-1

[Event "23rd European Teams Women"]
[Site "Terme Catez SLO"]
[Date "2021.11.16"]
[Round "5.7"]
[Board "4"]
[White "Schneider, Jana"]
[Black "Calzetta Ruiz, Monica"]
[Result "1-0"]
[WhiteTitle "FM"]
[BlackTitle "WGM"]
[WhiteElo "2269"]
[BlackElo "2201"]
[WhiteTeam "Germany"]
[BlackTeam "Spain"]
[WhiteFideId "12924997"]
[BlackFideId "2204185"]
[EventDate "2021.11.12"]

1. e4 c5 2. Nf3 d6 3. d4 cxd4 4. Nxd4 Nf6 5. Nc3 Nc6 6. Bg5 g6 7. Bxf6 exf6 8.
Bc4 Bg7 9. Ndb5 O-O 10. Qxd6 f5 11. O-O-O Qg5+ 12. f4 Qh6 13. Kb1 fxe4 14. Nxe4
Bg4 15. Rd2 Rad8 16. Qc7 Rc8 17. Qxb7 Na5 18. Bxf7+ Rxf7 19. Qd5 Nc4 20. Nbd6
Nxd2+ 21. Nxd2 Rf8 22. Nxf7 Rxf7 23. Ne4 Qxf4 24. Ng5 h6 25. Nxf7 Qxf7 26. Qxf7+
Kxf7 27. Rf1+ Ke6 28. Rf4 h5 29. Ra4 Be5 30. Ra6+ Kf5 31. h3 Be2 32. Rxa7 h4 33.
Rd7 Bf4 34. a4 Bf1 35. a5 Bxg2 36. a6 Bxh3 37. Rd5+ Ke6 38. a7 Bg2 39. a8=Q Bxd5
40. Qg8+ Ke5 41. Qxg6 Bg3 42. b4 Be4 43. Qg5+ Bf5 44. b5 Bf2 45. Qd2 1-0

[Event "23rd European Teams Women"]
[Site "Terme Catez SLO"]
[Date "2021.11.16"]
[Round "5.8"]
[Board "4"]
[White "Van Foreest, Machteld"]
[Black "Sandu, Mihaela"]
[Result "1/2-1/2"]
[BlackTitle "WGM"]
[WhiteElo "2141"]
[BlackElo "2244"]
[WhiteTeam "Netherlands"]
[BlackTeam "Romania"]
[WhiteFideId "1051563"]
[BlackFideId "1204327"]
[EventDate "2021.11.12"]

1. e4 d6 2. d4 Nf6 3. Nc3 e5 4. Nf3 Nbd7 5. h3 Be7 6. Be3 c6 7. g3 O-O 8. Bg2 b5
9. Nh4 b4 10. Ne2 d5 11. exd5 Nxd5 12. Nf5 N7b6 13. Nxe7+ Qxe7 14. O-O Nxe3 15.
fxe3 exd4 16. Nxd4 Qxe3+ 17. Kh2 Bd7 18. Nxc6 Bxc6 19. Bxc6 Rad8 20. Qh5 g6 21.
Qf3 Rd2+ 22. Kh1 Qxf3+ 23. Bxf3 Rxc2 24. Bd1 Rxb2 25. Bb3 a5 26. Rf4 Nd7 27.
Raf1 Ne5 28. Re4 Nd3 29. Re7 Nf2+ 30. Kg2 Ne4+ 31. Kg1 Nxg3 32. Bxf7+ Kh8 33.
Rd1 Nf5 34. Ra7 a4 35. Rdd7 Kg7 36. Be6+ Kf6 37. Bxf5 Kxf5 38. Rxa4 Rc8 39. Rf7+
Ke6 40. Rf2 Rxf2 41. Kxf2 Rc2+ 42. Kf3 Rc4 43. Ra7 h5 44. Ra6+ Kf5 45. Ra5+ Kf6
46. Rb5 Kg7 47. Kg3 Kh6 48. Kf3 h4 49. Rb8 g5 50. Rb6+ Kh5 51. Kg2 Rc2+ 52. Kg1
Rc4 53. Kh2 Rd4 54. Kh1 g4 55. Rb5+ Kg6 56. hxg4 Rxg4 57. Ra5 Rc4 58. a3 Rc1+
59. Kh2 Rc2+ 60. Kh3 Rc3+ 61. Kxh4 Rxa3 62. Rb5 Rb3 63. Kg4 Kf6 64. Kf4 Ke6 65.
Ke4 Rh3 66. Rb6+ Kd7 67. Kd4 Kc7 1/2-1/2

[Event "23rd European Teams Women"]
[Site "Terme Catez SLO"]
[Date "2021.11.16"]
[Round "5.13"]
[Board "4"]
[White "Hercog, Nusa"]
[Black "Hauksdottir, Hrund"]
[Result "1-0"]
[WhiteTitle "WFM"]
[WhiteElo "1983"]
[BlackElo "1731"]
[WhiteTeam "Slovenia 2"]
[BlackTeam "Iceland"]
[WhiteFideId "14614324"]
[BlackFideId "2302608"]
[EventDate "2021.11.12"]

1. d4 d5 2. c4 c6 3. Nc3 Nf6 4. Nf3 e6 5. cxd5 exd5 6. Qc2 Bd6 7. Bg5 O-O 8. e3
Nbd7 9. Bd3 h6 10. Bh4 Re8 11. O-O-O b5 12. Kb1 Qa5 13. Nd2 Qb6 14. Rde1 a5 15.
f3 Bb4 16. g4 Bxc3 17. Qxc3 b4 18. Qc2 c5 19. dxc5 Nxc5 20. Bxf6 Nxd3 21. Qxd3
Qxf6 22. Qxd5 Be6 23. Qd3 Red8 24. Qe2 a4 25. Ne4 Qe7 26. Ng3 a3 27. b3 Bxb3 28.
axb3 a2+ 29. Ka1 Qf6+ 30. Qb2 Qxb2+ 31. Kxb2 Rd2+ 32. Ka1 Rd3 33. Re2 Rxb3 34.
Rxa2 Rxa2+ 35. Kxa2 Rxe3 36. Rf1 g6 37. Rf2 Kg7 38. f4 Ra3+ 39. Kb2 Ra6 40. Kb3
Rb6 41. Re2 Rd6 42. Kc4 b3 43. Kxb3 Rd4 44. Rf2 Kf6 45. Kc3 Ra4 46. Kd3 Ra3+ 47.
Ke4 Ra4+ 48. Kf3 Ra3+ 49. Kg2 Ra4 50. h3 Kg7 51. f5 Ra6 52. Ne4 f6 53. fxg6 Kxg6
54. Rf5 Kg7 55. Kg3 Kg6 56. Kf4 Rb6 57. Rxf6+ Rxf6+ 58. Nxf6 Kxf6 59. h4 Kg6 60.
Ke5 Kf7 61. Kf5 Kg7 62. Ke6 Kg6 63. Ke7 Kg7 1-0

[Event "23rd European Teams Women"]
[Site "Terme Catez SLO"]
[Date "2021.11.16"]
[Round "5.15"]
[Board "4"]
[White "Onur, Cigdem"]
[Black "Bayat, Shohreh"]
[Result "0-1"]
[WhiteTitle "WCM"]
[BlackTitle "WFM"]
[WhiteElo "2015"]
[BlackElo "2091"]
[WhiteTeam "Turkey"]
[BlackTeam "England"]
[WhiteFideId "6346030"]
[BlackFideId "12501018"]
[EventDate "2021.11.12"]

1. e4 e6 2. d4 d5 3. Nd2 c5 4. Ngf3 cxd4 5. Nxd4 Nc6 6. Bb5 Bd7 7. Nxc6 bxc6 8.
Bd3 e5 9. O-O Bd6 10. c4 d4 11. c5 Bxc5 12. Nc4 Qe7 13. f4 Bd6 14. fxe5 Bxe5 15.
Qh5 Bc7 16. Bg5 Qe6 17. e5 g6 18. Qf3 Qd5 19. Qf4 Be6 20. Rac1 f5 21. Nd6+ Bxd6
22. exd6 Kd7 23. Bc4 Qxd6 24. Bxe6+ Kxe6 25. Rfe1+ Kd7 26. Qxd6+ Kxd6 27. Bf4+
Kd7 28. Be5 Ne7 29. Bxh8 Rxh8 30. Red1 Rb8 31. Rxd4+ Nd5 32. b3 Kd6 33. Kf2 g5
34. g3 Rb7 35. Rcc4 a5 36. Rd2 h6 37. g4 f4 38. Kf3 Rb4 39. Rxb4 axb4 40. h4 Ke5
41. hxg5 hxg5 42. Rh2 Nc3 43. Rh5 Ne4 44. Rh7 Nd2+ 45. Kg2 Ne4 46. Re7+ Kd4 47.
Kf3 Nd2+ 48. Ke2 Ne4 49. Rd7+ Ke5 50. Kf3 Nc3 51. Rg7 Kf6 52. Rc7 Nxa2 53. Rxc6+
Kg7 54. Rb6 Kf7 55. Ke4 Nc3+ 56. Kf5 f3 57. Kxg5 Ne4+ 58. Kf5 f2 59. Rb7+ Kf8
60. Rb8+ Ke7 61. Rb7+ Kd6 62. Kxe4 f1=Q 63. Rb6+ Kc5 64. Re6 Qb1+ 65. Kf4 Qxb3
66. Re5+ Kd6 67. Rh5 Qc4+ 68. Kf5 b3 69. Rh6+ Ke7 70. g5 b2 71. Rh7+ Qf7+ 72.
Rxf7+ Kxf7 0-1

[Event "23rd European Teams Women"]
[Site "Terme Catez SLO"]
[Date "2021.11.18"]
[Round "6.1"]
[Board "2"]
[White "Avramidou, Anastasia"]
[Black "Lagno, Kateryna"]
[Result "1/2-1/2"]
[WhiteTitle "FM"]
[BlackTitle "GM"]
[WhiteElo "2217"]
[BlackElo "2550"]
[WhiteTeam "Greece"]
[BlackTeam "Russia"]
[WhiteFideId "4239873"]
[BlackFideId "14109336"]
[EventDate "2021.11.12"]

1. e4 e5 2. Nf3 Nc6 3. Bb5 a6 4. Ba4 Nf6 5. O-O Be7 6. d3 b5 7. Bb3 d6 8. c3 O-O
9. h3 Na5 10. Bc2 c5 11. Nbd2 Nc6 12. Re1 Re8 13. a4 Bd7 14. Nf1 h6 15. Ng3 Bf8
16. d4 cxd4 17. cxd4 Nb4 18. Bb3 bxa4 19. Bxa4 exd4 20. Nxd4 Bxa4 21. Rxa4 a5
22. Ra3 Rc8 23. Rc3 Qd7 24. Bd2 Rc5 25. Nb3 Rb5 26. Nd4 Rc5 27. Nb3 Rb5 28. Nd4
Rc5 29. Nb3 Rb5 30. Nd4 Rc5 1/2-1/2

[Event "23rd European Teams Women"]
[Site "Terme Catez SLO"]
[Date "2021.11.18"]
[Round "6.2"]
[Board "1"]
[White "Zawadzka, Jolanta"]
[Black "Dzagnidze, Nana"]
[Result "1/2-1/2"]
[WhiteTitle "WGM"]
[BlackTitle "GM"]
[WhiteElo "2429"]
[BlackElo "2524"]
[WhiteTeam "Poland"]
[BlackTeam "Georgia"]
[WhiteFideId "1122320"]
[BlackFideId "13601903"]
[EventDate "2021.11.12"]

1. e4 c6 2. Nc3 d5 3. Nf3 dxe4 4. Nxe4 Nf6 5. Qe2 Nxe4 6. Qxe4 Nd7 7. d4 Nf6 8.
Qd3 g6 9. Be2 Bg7 10. O-O Bf5 11. Qb3 Qb6 12. c3 Nd5 13. Re1 O-O 14. Bg5 Rfe8
15. Bc4 e6 16. Bd2 Qc7 17. h3 h5 18. Nh4 Nb6 19. Bf1 Bf6 20. Nxf5 exf5 21. a4 a5
22. Qc2 Kg7 23. Rad1 Nd5 24. Qd3 Qd7 25. Qf3 Rxe1 26. Rxe1 Re8 27. Rxe8 Qxe8 28.
Bd3 Qd8 29. Qe2 Kg8 30. Bc4 Kg7 31. Ba2 Qd7 32. Qd3 Qd8 33. Qe2 Qd7 34. Bb1 Qd8
35. Bc2 Qd7 36. Qc4 Qe7 37. Bb3 Bg5 38. Qd3 Nf4 39. Bxf4 Qe1+ 40. Qf1 Qxf1+ 41.
Kxf1 Bxf4 42. d5 Bc1 43. d6 Kf8 44. d7 Bg5 45. Ke2 Bd8 46. f3 h4 47. Bc4 f4 48.
Kd3 Ke7 49. Ke4 g5 50. Kf5 Kxd7 51. Bxf7 Kd6 52. Ke4 1/2-1/2

[Event "23rd European Teams Women"]
[Site "Terme Catez SLO"]
[Date "2021.11.18"]
[Round "6.2"]
[Board "4"]
[White "Melia, Salome"]
[Black "Socko, Monika"]
[Result "1/2-1/2"]
[WhiteTitle "IM"]
[BlackTitle "GM"]
[WhiteElo "2371"]
[BlackElo "2393"]
[WhiteTeam "Georgia"]
[BlackTeam "Poland"]
[WhiteFideId "13602446"]
[BlackFideId "1106619"]
[EventDate "2021.11.12"]

1. e4 c5 2. Nf3 d6 3. Bb5+ Nd7 4. Ba4 Nf6 5. O-O e5 6. Re1 Be7 7. c3 O-O 8. d4
a6 9. Nbd2 b5 10. Bc2 cxd4 11. cxd4 Bb7 12. Nf1 Rc8 13. Ng3 Qc7 14. Bb3 exd4 15.
Nxd4 Nc5 16. Bc2 Rfe8 17. f3 Ne6 18. Nxe6 Qxc2 19. Qxc2 Rxc2 20. Nd4 Rcc8 21.
Ndf5 Bf8 22. Bg5 Nd7 23. Red1 d5 24. exd5 g6 25. Nh6+ Kg7 26. Ng4 Bc5+ 27. Kf1
h5 28. Nf2 Bxf2 29. Kxf2 Rc2+ 30. Rd2 Rxd2+ 31. Bxd2 Bxd5 32. Bc3+ Kg8 33. Rd1
Bc6 34. Ne4 Bxe4 35. Rxd7 Bc6 36. Ra7 Ra8 37. Rc7 Bd5 38. a3 Re8 39. h4 Kf8 40.
Rc5 Bb7 41. g4 Rc8 42. Re5 hxg4 43. fxg4 Rc4 44. Bb4+ Kg7 45. Re8 Bc6 46. Rc8
Kf6 47. Bc3+ Ke6 48. h5 gxh5 49. gxh5 Kf5 50. h6 Kg6 51. Bd2 Kh7 52. Rc7 Bd5 53.
Rxc4 Bxc4 54. b4 f5 55. Bf4 Bb3 56. Ke3 Kg6 57. Kd4 Ba4 1/2-1/2

[Event "23rd European Teams Women"]
[Site "Terme Catez SLO"]
[Date "2021.11.18"]
[Round "6.3"]
[Board "3"]
[White "Gueci, Tea"]
[Black "Balajayeva, Khanim"]
[Result "1/2-1/2"]
[WhiteTitle "WIM"]
[BlackTitle "WGM"]
[WhiteElo "2242"]
[BlackElo "2369"]
[WhiteTeam "Italy"]
[BlackTeam "Azerbaijan"]
[WhiteFideId "872342"]
[BlackFideId "13406396"]
[EventDate "2021.11.12"]

1. e4 e5 2. Nf3 Nc6 3. Bc4 Nf6 4. Ng5 d5 5. exd5 Na5 6. Bb5+ c6 7. dxc6 bxc6 8.
Qf3 Be7 9. Bd3 O-O 10. Nc3 h6 11. Nge4 Nd5 12. Ng3 Nb4 13. Nf5 Bg5 14. h4 Nxd3+
15. cxd3 Bxf5 16. Qxf5 Bxh4 17. Ne4 Be7 18. b3 Nb7 19. Bb2 Nc5 20. Nxc5 Bxc5 21.
O-O Re8 22. Rac1 Qd5 23. Rc4 Rad8 24. Rfc1 Bb6 25. Rxc6 Qa5 26. R1c2 Qxa2 27.
Bd4 Qxb3 28. Bxb6 axb6 29. Rc7 Rxd3 30. R2c4 Rf8 31. Rxf7 Qb1+ 32. Kh2 Rh3+ 33.
Qxh3 Rxf7 34. Qe6 Qf5 35. Rc8+ Kh7 36. Qxf5+ Rxf5 37. f3 Kg6 38. Kg3 Rf6 39. Re8
Kf5 40. Kf2 h5 41. Rh8 g6 42. Ke3 Rc6 43. Re8 Rc1 44. Rf8+ Ke6 45. Re8+ Kf6 46.
Rf8+ Kg5 47. Rb8 Rb1 48. Re8 Kf6 49. Rf8+ Ke7 50. Rg8 Kf7 51. Rb8 Rb4 52. g3 g5
53. Rh8 h4 54. gxh4 gxh4 55. Rh5 Kf6 56. d4 Rxd4 57. Rh6+ Kg5 58. Rxb6 h3 59.
Kf2 h2 60. Kg2 Rd2+ 61. Kh1 Kh4 62. Rh6+ Kg3 63. Rg6+ Kxf3 64. Rg3+ Kf2 65. Rf3+
Ke1 66. Rf1+ Ke2 67. Re1+ Kf3 68. Rxe5 Kg3 69. Rg5+ Kf4 70. Rg4+ Kxg4 1/2-1/2

[Event "23rd European Teams Women"]
[Site "Terme Catez SLO"]
[Date "2021.11.18"]
[Round "6.3"]
[Board "4"]
[White "Fataliyeva, Ulviyya"]
[Black "Movileanu, Daniela"]
[Result "1-0"]
[WhiteTitle "WGM"]
[BlackTitle "WIM"]
[WhiteElo "2309"]
[BlackElo "2214"]
[WhiteTeam "Azerbaijan"]
[BlackTeam "Italy"]
[WhiteFideId "13403052"]
[BlackFideId "873349"]
[EventDate "2021.11.12"]

1. d4 Nf6 2. c4 g6 3. Nc3 d5 4. cxd5 Nxd5 5. Bd2 Bg7 6. e4 Nxc3 7. Bxc3 O-O 8.
Qd2 Nc6 9. Nf3 Bg4 10. d5 Bxf3 11. Bxg7 Kxg7 12. gxf3 Ne5 13. O-O-O c6 14. Bh3
f6 15. f4 Nf7 16. Kb1 Qb6 17. Be6 Nd6 18. Rhe1 Rad8 19. h4 Nb5 20. h5 Nc7 21. f5
Nxe6 22. fxe6 cxd5 23. exd5 Qd6 24. hxg6 hxg6 25. Rg1 Qe5 26. Qb4 Qf5+ 27. Ka1
Rfe8 28. Qb3 b6 29. Qa4 a5 30. Qc6 Rc8 31. Qxb6 Rb8 32. Qd4 Rb4 33. Qc3 Reb8 34.
Rd2 a4 35. d6 Qxe6 36. d7 Rb3 37. Qc2 g5 38. d8=Q 1-0

[Event "23rd European Teams Women"]
[Site "Terme Catez SLO"]
[Date "2021.11.18"]
[Round "6.4"]
[Board "1"]
[White "Osmak, Iulija"]
[Black "Danielian, Elina"]
[Result "1/2-1/2"]
[WhiteTitle "IM"]
[BlackTitle "GM"]
[WhiteElo "2423"]
[BlackElo "2450"]
[WhiteTeam "Ukraine"]
[BlackTeam "Armenia"]
[WhiteFideId "14101602"]
[BlackFideId "13300210"]
[EventDate "2021.11.12"]

1. d4 d5 2. c4 dxc4 3. e3 Nf6 4. Bxc4 e6 5. Nf3 c5 6. O-O Nc6 7. Nc3 a6 8. Qe2
b5 9. Bb3 Bb7 10. d5 Nxd5 11. Rd1 Bd6 12. Nxd5 exd5 13. Bxd5 O-O 14. a4 Rb8 15.
e4 Qc7 16. g3 Nb4 17. Bxb7 Rxb7 18. e5 Be7 19. Bd2 Nc6 20. Qe4 Qc8 21. axb5 axb5
22. Ra6 Nd8 23. Bg5 Ne6 24. Bxe7 Rxe7 25. Rb6 b4 26. h4 h6 27. h5 Ra7 28. Rc1
Qa8 29. Qxa8 Rfxa8 30. Nd2 Ra6 31. Rb7 R6a7 32. Rb6 Ra6 33. Rb7 1/2-1/2

[Event "23rd European Teams Women"]
[Site "Terme Catez SLO"]
[Date "2021.11.18"]
[Round "6.4"]
[Board "2"]
[White "Mkrtchian, Lilit"]
[Black "Buksa, Nataliya"]
[Result "1/2-1/2"]
[WhiteTitle "IM"]
[BlackTitle "IM"]
[WhiteElo "2379"]
[BlackElo "2410"]
[WhiteTeam "Armenia"]
[BlackTeam "Ukraine"]
[WhiteFideId "13300601"]
[BlackFideId "14123622"]
[EventDate "2021.11.12"]

1. Nf3 d5 2. g3 Nf6 3. Bg2 e6 4. O-O Be7 5. c4 O-O 6. b3 d4 7. e3 c5 8. exd4
cxd4 9. Re1 Nc6 10. Bb2 a5 11. d3 Re8 12. Ne5 Nxe5 13. Rxe5 Nd7 14. Re1 e5 15.
Nd2 Bb4 16. Rf1 a4 17. bxa4 Nc5 18. Ne4 Nxa4 19. Qb3 Qe7 20. Rab1 Bc5 21. Ba1
Ra6 22. Qc2 Ba7 23. Rfe1 Qf8 24. Rb5 Bc5 25. Qb1 h6 26. Nxc5 Nxc5 27. Bxd4 Nxd3
28. Qxd3 exd4 29. Rbe5 Rxe5 30. Rxe5 Be6 31. Qxd4 Qb4 32. Qd8+ Kh7 33. Qd3+ g6
34. Bd5 Qb2 35. Re2 Qa1+ 36. Kg2 Rd6 37. Qf3 Bxd5 38. cxd5 Kg7 39. Rd2 Qe5 40.
Qd3 Kg8 41. Qc4 Kg7 42. Rd3 Rd7 43. a4 b6 44. Rd2 Rd6 45. f4 Qe1 46. Qd4+ Kh7
47. Rc2 h5 48. h4 Rd7 49. Rf2 Qe6 50. dxe6 Rxd4 51. f5 fxe6 52. fxe6 Re4 53.
Rf7+ Kg8 54. Re7 Rxa4 55. Rb7 Kf8 56. Rxb6 Ke7 57. Kf3 Rg4 58. Rc6 Ra4 59. Ke3
Rg4 60. Kf3 Ra4 1/2-1/2

[Event "23rd European Teams Women"]
[Site "Terme Catez SLO"]
[Date "2021.11.18"]
[Round "6.4"]
[Board "3"]
[White "Gaponenko, Inna"]
[Black "Sargsyan, Anna M."]
[Result "1-0"]
[WhiteTitle "IM"]
[BlackTitle "WGM"]
[WhiteElo "2339"]
[BlackElo "2385"]
[WhiteTeam "Ukraine"]
[BlackTeam "Armenia"]
[WhiteFideId "14101181"]
[BlackFideId "13308130"]
[EventDate "2021.11.12"]

1. e4 e5 2. Nc3 Nf6 3. f4 d5 4. fxe5 Nxe4 5. Nf3 c5 6. Qe2 Nxc3 7. dxc3 Be7 8.
Bf4 O-O 9. O-O-O Nc6 10. h4 Qa5 11. a3 Qa4 12. g3 Rd8 13. Ng5 g6 14. e6 f6 15.
Nf7 Re8 16. Bg2 d4 17. h5 g5 18. Bxg5 dxc3 19. Bf4 cxb2+ 20. Kb1 Ne5 21. Nh6+
Kh8 22. Bxe5 Bxe6 23. Bxb2 1-0

[Event "23rd European Teams Women"]
[Site "Terme Catez SLO"]
[Date "2021.11.18"]
[Round "6.4"]
[Board "4"]
[White "Ghukasyan, Siranush"]
[Black "Zhukova, Natalia"]
[Result "1/2-1/2"]
[WhiteTitle "WIM"]
[BlackTitle "GM"]
[WhiteElo "2168"]
[BlackElo "2331"]
[WhiteTeam "Armenia"]
[BlackTeam "Ukraine"]
[WhiteFideId "13300946"]
[BlackFideId "14101513"]
[EventDate "2021.11.12"]

1. e4 e5 2. Nf3 Nc6 3. Bb5 a6 4. Ba4 d6 5. c3 Bd7 6. O-O g6 7. d4 Bg7 8. Re1 b5
9. Bb3 Nf6 10. Nbd2 O-O 11. a4 h6 12. Nf1 Qb8 13. Ng3 Qb7 14. h3 Rfe8 15. a5
Rad8 16. Bd2 Re7 17. d5 Nb8 18. Be3 c6 19. Bb6 Rde8 20. dxc6 Qxc6 21. Qd3 Be6
22. Bxe6 Rxe6 23. Red1 Nbd7 24. Be3 Rc8 25. Ne1 Qb7 26. Nc2 h5 27. h4 Nc5 28.
Bxc5 dxc5 29. c4 Bh6 30. b3 Bf4 31. Re1 Rc7 32. cxb5 axb5 33. Na3 b4 34. Nc4 Rd7
35. Qf3 Bxg3 36. Qxg3 Nxe4 37. Qf3 Nd6 38. Qxb7 Rxb7 39. Nxd6 Rxd6 40. Rxe5 Rc6
41. Kf1 Kg7 42. Ke2 c4 43. bxc4 Rxc4 44. a6 Ra7 45. g3 b3 46. Rb5 Rc2+ 47. Ke3
Rc6 48. Rxb3 Raxa6 1/2-1/2

[Event "23rd European Teams Women"]
[Site "Terme Catez SLO"]
[Date "2021.11.18"]
[Round "6.5"]
[Board "2"]
[White "Gara, Ticia"]
[Black "Heinemann, Josefine"]
[Result "1/2-1/2"]
[WhiteTitle "WGM"]
[BlackTitle "WGM"]
[WhiteElo "2331"]
[BlackElo "2336"]
[WhiteTeam "Hungary"]
[BlackTeam "Germany"]
[WhiteFideId "717444"]
[BlackFideId "12900460"]
[EventDate "2021.11.12"]

1. Nf3 d5 2. e3 Nf6 3. c4 e6 4. Nc3 c5 5. cxd5 exd5 6. Bb5+ Nc6 7. d4 cxd4 8.
Nxd4 Bd7 9. O-O Bd6 10. Be2 O-O 11. Ndb5 Bf5 12. Nxd6 Qxd6 13. b3 a6 14. Bf3
Rad8 15. Ne2 Bg4 16. Bxg4 Nxg4 17. Ng3 f5 18. h3 Nge5 19. Ne2 d4 20. exd4 Nxd4
21. Qxd4 Qxd4 22. Nxd4 Rxd4 23. Be3 Rd5 24. Rfd1 Rfd8 25. Rxd5 Rxd5 26. Rc1 Nc6
27. Kf1 Kf7 28. Ke2 Ke6 29. Rc4 g6 30. b4 a5 31. a3 axb4 32. axb4 Kf6 33. Bc5 1/2-1/2

[Event "23rd European Teams Women"]
[Site "Terme Catez SLO"]
[Date "2021.11.18"]
[Round "6.5"]
[Board "4"]
[White "Terbe, Julianna"]
[Black "Lubbe, Melanie"]
[Result "1-0"]
[WhiteTitle "WIM"]
[BlackTitle "WGM"]
[WhiteElo "2318"]
[BlackElo "2311"]
[WhiteTeam "Hungary"]
[BlackTeam "Germany"]
[WhiteFideId "708780"]
[BlackFideId "4690745"]
[EventDate "2021.11.12"]

1. d4 Nf6 2. Nf3 e6 3. Bf4 c5 4. e3 cxd4 5. exd4 b6 6. Nbd2 Be7 7. h3 O-O 8. c3
d6 9. Bb5 Bb7 10. O-O Nbd7 11. Re1 Re8 12. a4 a6 13. Bf1 Bf8 14. Bh2 Qc7 15. Qb3
Bc6 16. Ng5 Qb7 17. f3 b5 18. axb5 axb5 19. Rxa8 Rxa8 20. Nxf7 Bd5 21. c4 Kxf7
22. cxd5 Nxd5 23. Ne4 Kg8 24. Ng5 e5 25. Qxb5 Rb8 26. Qxb7 Rxb7 27. dxe5 dxe5
28. Bc4 Nb6 29. Bb3 Bc5+ 30. Kh1 h6 31. Ne6 Bb4 32. Rxe5 Rd7 33. Nf4 1-0

[Event "23rd European Teams Women"]
[Site "Terme Catez SLO"]
[Date "2021.11.18"]
[Round "6.6"]
[Board "1"]
[White "Repkova, Eva"]
[Black "Zaksaite, Salomeja"]
[Result "0-1"]
[WhiteTitle "IM"]
[BlackTitle "WIM"]
[WhiteElo "2307"]
[BlackElo "2250"]
[WhiteTeam "Slovakia"]
[BlackTeam "Lithuania"]
[WhiteFideId "14900440"]
[BlackFideId "12801496"]
[EventDate "2021.11.12"]

1. d4 Nf6 2. Nf3 g6 3. Bg5 Ne4 4. Bh4 Bg7 5. Nbd2 d5 6. e3 c5 7. c3 Qb6 8. Qb3
Nxd2 9. Nxd2 Nc6 10. Be2 O-O 11. O-O e5 12. Qxd5 Qxb2 13. Rfd1 exd4 14. cxd4
cxd4 15. Rab1 Be6 16. Qe4 Qxa2 17. Rxb7 dxe3 18. fxe3 Bd5 19. Qb1 Qxb1 20. Nxb1
Nd4 21. Rb2 Nxe2+ 22. Rxe2 Be6 23. Na3 Bg4 0-1

[Event "23rd European Teams Women"]
[Site "Terme Catez SLO"]
[Date "2021.11.18"]
[Round "6.7"]
[Board "2"]
[White "Eric, Jovana"]
[Black "Guichard, Pauline"]
[Result "1/2-1/2"]
[WhiteTitle "WGM"]
[BlackTitle "IM"]
[WhiteElo "2253"]
[BlackElo "2409"]
[WhiteTeam "Serbia"]
[BlackTeam "France"]
[WhiteFideId "938238"]
[BlackFideId "639370"]
[EventDate "2021.11.12"]

1. e4 e5 2. Nf3 Nc6 3. Bc4 Nf6 4. d3 Bc5 5. c3 a6 6. O-O d6 7. Bb3 Ba7 8. Nbd2
O-O 9. h3 h6 10. Re1 Re8 11. Nf1 Be6 12. Ng3 d5 13. Qe2 b5 14. Nh2 dxe4 15. dxe4
Na5 16. Bc2 Nc4 17. Nhf1 Qe7 18. b3 Nd6 19. Ne3 a5 20. Ba3 b4 21. Bb2 Nd7 22.
Rad1 Qh4 23. Ngf5 Bxf5 24. exf5 bxc3 25. Bxc3 Bd4 26. g3 Qf6 27. Nd5 Qd8 28. Qd2
c6 29. Bxd4 cxd5 30. Bb2 d4 31. Bb1 Qf6 32. Qd3 Nc5 33. Qf3 Rad8 34. Qg4 Nb5 35.
Rc1 Rc8 36. Qe2 Nd6 37. Ba3 Nd7 38. Rxc8 Nxc8 39. Qb5 Ncb6 40. Be4 Rc8 41. Qxa5
Qg5 42. Kg2 h5 43. h4 Qd8 44. Bb4 Qc7 45. Bd2 Qb8 46. Qb5 Nf6 47. Qd3 Qa7 48.
Bf3 Qxa2 49. Rxe5 Nbd7 50. Re2 Nc5 51. Qxd4 Nxb3 52. Qd3 Nxd2 53. Rxd2 Qa5 54.
Rb2 Qa1 55. Rb1 Qe5 56. Rb5 Qe1 57. Qd1 Qxd1 58. Bxd1 Rd8 59. Bb3 Kf8 60. Rb7
Rd7 61. Rxd7 Nxd7 62. Kf3 Ke7 63. Kf4 Kf6 64. f3 Ne5 65. Bc2 Nc4 66. g4 hxg4 67.
fxg4 Ke7 68. g5 f6 69. g6 Kf8 70. h5 Ne5 71. Bb3 Nd3+ 72. Kg3 Ne5 73. Bc2 Nc6
74. Kh4 Ne7 75. Be4 Ng8 76. Bd3 1/2-1/2